000 00622nam a2200265Ia 4500
005 20250425160742.0
008 250425s9999 xx 000 0 und d
020 _a970101118X
041 _aspa
043 _amx
082 _a658.848
100 _aCZINKOTA, MICHAEL R.
245 0 _aMARKETING INTERNACIONAL
250 _a1A ED.
260 _aMEXICO
260 _aMéxico
_bMCGRAW HILL
_c1996
300 _a819
650 _aLOGISTICA
650 _aMARKETING INTERNACIONAL
650 _aMERCADO INTERNACIONAL
650 _aPLANEACION ESTRATEGICA
650 _aPRECIOS
942 _c01
010 _a4411
999 _c195436
_d195436